| 000 | 00538nam a22001577a 4500 | ||
|---|---|---|---|
| 008 | 141121b xxu||||| |||| 00| 0 eng d | ||
| 020 | _a0334040450 | ||
| 050 | _aBX1750.L84. M638 2005 | ||
| 100 |
_aMilbank, John _912793 |
||
| 245 |
_aThe suspended middle _b: Henri de Lubac and the debate concerning the supernatural _c / John Milbank |
||
| 260 |
_aLondon _bSCM Press _c2005 |
||
| 300 |
_a117p. ; _c22cm. |
||
| 650 |
_aLubac, Henri de _912794 |
||
| 650 |
_aSupernatural (Theology) _xHistory of doctrines _912795 |
||
| 942 |
_2lcc _cMONOGRAPH |
||
| 999 |
_c121300 _d121300 |
||